<?xml version="1.0" encoding="UTF-8"?>
<collection xmlns="http://www.loc.gov/MARC21/slim">
 <record>
  <leader>00530pamaa2200181   4500</leader>
  <controlfield tag="001">0000035655</controlfield>
  <controlfield tag="005">20090615090000.0</controlfield>
  <datafield tag="020" ind1="0" ind2="0">
   <subfield code="a">0672324423 (pbk) </subfield>
  </datafield>
  <datafield tag="082" ind1=" " ind2=" ">
   <subfield code="a">005.72 STE</subfield>
  </datafield>
  <datafield tag="090" ind1="0" ind2="0">
   <subfield code="a">QA76.73.S67 </subfield>
   <subfield code="b">STE 2003</subfield>
  </datafield>
  <datafield tag="100" ind1="1" ind2="0">
   <subfield code="a">STEPHENS </subfield>
  </datafield>
  <datafield tag="245" ind1="1" ind2="0">
   <subfield code="a">SAMS teach yourself MySQL in 24 hours  </subfield>
   <subfield code="c">Ryan Stephens, Ron Plew.</subfield>
  </datafield>
  <datafield tag="250" ind1="0" ind2="0">
   <subfield code="a">3rd ed.</subfield>
  </datafield>
  <datafield tag="260" ind1="0" ind2="0">
   <subfield code="a">Indiana: </subfield>
   <subfield code="b">SAMS Publishing, </subfield>
   <subfield code="c">2003.</subfield>
  </datafield>
  <datafield tag="300" ind1=" " ind2=" ">
   <subfield code="a">xx, 472p.; </subfield>
   <subfield code="c">24cm.</subfield>
  </datafield>
  <datafield tag="440" ind1="0" ind2="0">
   <subfield code="a">SAMS teach yourself in 24 hours series</subfield>
  </datafield>
  <datafield tag="650" ind1="0" ind2="0">
   <subfield code="a">SQL (Computer program language) </subfield>
  </datafield>
  <datafield tag="700" ind1="1" ind2="1">
   <subfield code="a">PLEW, </subfield>
   <subfield code="h">Ron </subfield>
  </datafield>
 </record>
</collection>
